Представление документа в формате MARC21

ПолеНазваниеЗначение
  Тип записи a
  Библиографический уровень m
001 Контрольный номер BIBLIOCLUB\0000613837
005 Дата корректировки 20260430154837.0
006 m o d
007 Элементы данных для физической характеристики c|||||||||||||
008 Кодируемые данные s2019 rus o rus d
020 Индекс ISBN __
a ISBN 978-5-7779-2423-0
041 Код языка издания 0_
a Код языка текста rus
084 Индекс другой классификации/Индекс ББК __
a Индекс другой классификации/Индекс ББК 81.411.2-1я73
b Номер единицы LBC/PL
2 Источник индекса rubbk
100 Автор 1_
a Автор Малышева Е. Г.
245 Заглавие 10
a Заглавие Орфоэпические нормы современного русского языка: учебное пособие для студентов, обучающихся по направлению подготовки бакалавров 42.03.02 «Журналистика»
b Продолж. заглавия учебное пособие
c Ответственность Е. Г. Малышева, О. С. Рогалева
260 Выходные данные __
a Место издания Омск
b Издательство Омский государственный университет им. Ф.М. Достоевского (ОмГУ)
c Дата издания 2019
300 Физическое описание __
a Объем 108 с.
504 Библиография __
a Библиография Библиогр.: с. 97-99.
653 Ключевые слова 1_
a Ключевые слова Учебник для высшей школы
700 Другие авторы _1
a Другие авторы Рогалева О. С.
856 Электронный адрес документа 40
3 Область применения данных поля Университетская библиотека ONLINE
u URL https://biblioclub.ru/index.php?page=book&id=613837
900 Электронные ресурсы __
a Имя электронного ресурса https://img.biblioclub.ru/sm_cover/420dac19739e9c6530e936ae6c843dc29jnos0njhm/cover.jpg